|
|
|
|
| LEADER |
01776nam a22003854a 4500 |
| 001 |
6850 |
| 003 |
BD-DhAAL |
| 005 |
20150919193401.0 |
| 008 |
150919s2005 bg a bl 000 0 eng |
| 010 |
|
|
|a 2009311109
|
| 020 |
|
|
|z 98449402731
|
| 025 |
|
|
|a B-E-2009-311109; 25
|
| 037 |
|
|
|b Library of Congress -- New Delhi Overseas Office
|c TK150.00 ($5.00 U.S.)
|
| 040 |
|
|
|a DLC
|c DLC
|d DLC
|d BD-DhAAL
|
| 050 |
0 |
0 |
|a SD657.B36
|b G35 2005
|
| 082 |
|
|
|a 338.1/7/49095492
|
| 100 |
1 |
|
|a Gain, Philip.
|9 14826
|
| 245 |
1 |
0 |
|a Critiques of policies and practices :
|b the case of forests, ethnic communities, and tea workers of Bangladesh /
|c editor Philip Gain ; prepared by Philip Gain, Lucille Sircar, Shamimul Islam.
|
| 246 |
3 |
0 |
|a Case of forests, ethnic communities, and tea workers of Bangladesh
|
| 260 |
|
|
|a Dhaka :
|b Society for Environment and Human Development,
|c 2005.
|
| 300 |
|
|
|a ix, 108 p. :
|b ill. ;
|c 23 cm.
|
| 504 |
|
|
|a Includes bibliographical references.
|
| 541 |
|
|
|e 6850
|
| 650 |
|
0 |
|a Forests and forestry
|z Bangladesh.
|9 14827
|
| 650 |
|
0 |
|a Forest policy
|z Bangladesh.
|9 14828
|
| 650 |
|
0 |
|a Indigenous peoples
|x Land tenure
|z Bangladesh.
|9 14829
|
| 650 |
|
0 |
|a Tea plantation workers
|x Legal status, laws, etc.
|z Bangladesh.
|9 14830
|
| 650 |
|
0 |
|a Tea plantation workers
|z Bangladesh
|x Economic conditions.
|9 14831
|
| 650 |
|
0 |
|a Tea plantation workers
|z Bangladesh
|x Social conditions.
|9 14832
|
| 700 |
1 |
|
|a Sircar, Lucille.
|9 14833
|
| 700 |
1 |
|
|a Islam, Shamimul.
|9 14834
|
| 710 |
2 |
|
|a Society for Environment and Human Development (Dhaka, Bangladesh)
|9 8014
|
| 942 |
|
|
|2 ddc
|c BK
|
| 999 |
|
|
|c 35604
|d 35604
|
| 952 |
|
|
|0 0
|1 0
|2 ddc
|4 0
|6 338_100000000000000_7_49095492_GAI
|7 0
|9 55988
|a SCL
|b SCL
|c GEN
|d 2015-09-19
|g 105.00
|l 0
|o 338.1749095492 GAI
|p 3020006850
|r 2015-09-19
|t 1
|w 2015-09-19
|y BK
|